000 00323 a2200157 4500
001 179188
020 _a
040 _cMagnum
100 _aPorto, Cristina
240 1 0 _aGata biba e bilboque
_lpor
245 1 0 _aGata biba e bilboque
362 0 _a1899
440 1 _aFTD
697 _aMAGNITO: I/ANIMAIS
942 _cBK
999 _c179188
_d179188